[Event "Prague op"]
[Site "Prague"]
[Date "2024.02.28"]
[Round "1"]
[White "Kraus, Tomas"]
[Black "Hanak, Tomas"]
[Result "1-0"]
[WhiteElo "2497"]
[BlackElo "1983"]
[PlyCount "117"]
[EventDate "2024.02.28"]
[EventType "swiss"]
[EventRounds "9"]
[EventCountry "CZE"]
[SourceTitle "CB11_2024"]
[SourceDate "2024.03.13"]
[SourceVersion "1"]
[SourceVersionDate "2024.03.13"]
[SourceQuality "1"]

1. Nf3 e6 2. g3 f5 3. Bg2 Nf6 4. 0-0 d5 5. d3 Be7 6. Nbd2 b6 7. e4 0-0 8. Re1 Bb7 9. exf5 exf5 10. Qe2 Bd6 11. Qe6+ Kh8 12. Ng5 Nbd7 13. Ndf3 Qe8 14. Qxf5 Qh5 15. Qh3 h6 16. Qxh5 Nxh5 17. Ne6 Rf7 18. Bd2 Nf8 19. Ne5 Bxe5 20. Rxe5 Nxe6 21. Rxe6 Raf8 22. f4 Nf6 23. Rae1 c5 24. Re7 Ng8 25. Rxf7 Rxf7 26. Re8 d4 27. Bxb7 Rxb7 28. Kf2 Kh7 29. Kf3 Nf6 30. Re5 Rd7 31. g4 Nd5 32. a3 Kg8 33. h4 Kf7 34. f5 Rd6 35. g5 hxg5 36. hxg5 g6 37. f6 Rd7 38. Ke4 Nc7 39. b3 Kf8 40. Bf4 Kf7 41. a4 Na6 42. Bd2 Nc7 43. Kf3 Ne6 44. Kg4 Rd8 45. Bf4 Rd7 46. Bd2 Rd8 47. b4 Rc8 48. b5 Rd8 49. Bf4 Rd7 50. Bh2 Rd8 51. Bg3 Rd7 52. Kf3 Rd8 53. Ke4 Rd7 54. Rd5 Rxd5 55. Kxd5 Nxg5 56. Bb8 Nf3 57. Bxa7 g5 58. Bxb6 g4 59. Bc7 1-0

[Event "Valasska Bystrice op"]
[Site "Valasska Bystrice"]
[Date "2023.09.13"]
[Round "6"]
[White "Hanak, Tomas"]
[Black "Uhlir, Jiri"]
[Result "1/2-1/2"]
[WhiteElo "2036"]
[BlackElo "1793"]
[PlyCount "32"]
[EventDate "2023.09.09"]
[EventType "swiss"]
[EventRounds "9"]
[EventCountry "CZE"]
[SourceTitle "EXT 2024"]
[Source "ChessBase"]
[SourceDate "2023.10.10"]
[SourceVersion "1"]
[SourceVersionDate "2023.10.10"]
[SourceQuality "1"]

1. e4 c5 2. Nc3 Nc6 3. f4 d6 4. Nf3 a6 5. d3 e6 6. g3 Be7 7. Bg2 Qc7 8. 0-0 Nf6 9. h3 0-0 10. g4 Nd7 11. g5 b5 12. h4 b4 13. Ne2 f5 14. Be3 Nb6 15. Ng3 d5 16. e5 Bb7 1/2-1/2

[Event "Valasska Bystrice op"]
[Site "Valasska Bystrice"]
[Date "2023.09.10"]
[Round "3"]
[White "Vaculik, Jakub"]
[Black "Hanak, Tomas"]
[Result "1-0"]
[WhiteElo "2202"]
[BlackElo "2036"]
[PlyCount "40"]
[EventDate "2023.09.09"]
[EventType "swiss"]
[EventRounds "9"]
[EventCountry "CZE"]
[SourceTitle "EXT 2024"]
[Source "ChessBase"]
[SourceDate "2023.10.10"]
[SourceVersion "1"]
[SourceVersionDate "2023.10.10"]
[SourceQuality "1"]

1. d4 e6 2. Nf3 f5 3. Bg5 Be7 4. h4 Nf6 5. Nbd2 Ne4 6. e3 Nc6 7. Bb5 0-0 8. Qe2 d5 9. Bxc6 bxc6 10. Nxe4 fxe4 11. Ne5 Bxg5 12. hxg5 Qxg5 13. f4 exf3 14. gxf3 c5 15. 0-0-0 cxd4 16. f4 Qg3 17. exd4 Qxf4+ 18. Kb1 Qe4 19. Qh5 Ba6 20. Nc6 Rae8 1-0

[Event "Stare Mesto op"]
[Site "Stare Mesto"]
[Date "2023.08.09"]
[Round "5"]
[White "Volak, Simon"]
[Black "Hanak, Tomas"]
[Result "1/2-1/2"]
[WhiteElo "2103"]
[BlackElo "2036"]
[PlyCount "125"]
[EventDate "2023.08.05"]
[EventType "swiss"]
[EventRounds "9"]
[EventCountry "CZE"]
[SourceTitle "EXT 2024"]
[Source "ChessBase"]
[SourceDate "2023.10.10"]
[SourceVersion "1"]
[SourceVersionDate "2023.10.10"]
[SourceQuality "1"]

1. c4 e6 2. Nc3 d5 3. cxd5 exd5 4. d4 Nf6 5. Bg5 Be7 6. e3 0-0 7. Qc2 c6 8. Bd3 Nbd7 9. Nf3 Re8 10. 0-0 Nf8 11. Rab1 g6 12. b4 a6 13. a4 Ne6 14. Bh4 Ng7 15. Rfc1 Bf5 16. Bxf5 Nxf5 17. Bg3 Nxg3 18. hxg3 Bd6 19. b5 axb5 20. axb5 Qa5 21. Qb3 Qa3 22. Ne2 Rec8 23. Qxa3 Bxa3 24. bxc6 bxc6 25. Rc2 Ra6 26. Ra1 Nd7 27. Nf4 Rca8 28. Rca2 Ra5 29. Nd3 f6 30. Nfe1 Nb6 31. Nc2 Nc4 32. Nxa3 Nxa3 33. Nb4 Nc4 34. Rxa5 Rxa5 35. Rc1 Rb5 36. Nxc6 Kf7 37. e4 Nd6 38. e5 Nc4 39. exf6 Kxf6 40. Re1 Rb6 41. Ne5 Rb2 42. Nd7+ Kf7 43. Ne5+ Kf6 44. g4 Kg5 45. g3 Nxe5 46. Rxe5+ Kxg4 47. Kg2 g5 48. Rxd5 Rd2 49. Rd8 h5 50. d5 h4 51. gxh4 gxh4 52. d6 h3+ 53. Kg1 h2+ 54. Kxh2 Rxf2+ 55. Kg1 Rf7 56. Kg2 Kf5 57. Kf3 Ke6+ 58. Ke4 Rd7 59. Rxd7 Kxd7 60. Kd5 Kd8 61. Ke6 Ke8 62. d7+ Kd8 63. Kd6 1/2-1/2

[Event "Stare Mesto op"]
[Site "Stare Mesto"]
[Date "2023.08.08"]
[Round "4"]
[White "Hanak, Tomas"]
[Black "Zpevak, Pavel"]
[Result "1/2-1/2"]
[WhiteElo "2036"]
[BlackElo "2338"]
[PlyCount "37"]
[EventDate "2023.08.05"]
[EventType "swiss"]
[EventRounds "9"]
[EventCountry "CZE"]
[SourceTitle "EXT 2024"]
[Source "ChessBase"]
[SourceDate "2023.10.10"]
[SourceVersion "1"]
[SourceVersionDate "2023.10.10"]
[SourceQuality "1"]

1. e4 c5 2. Nc3 e6 3. f4 Nc6 4. g3 d5 5. Bg2 Nf6 6. e5 Nd7 7. Nf3 Be7 8. 0-0 0-0 9. d3 Rb8 10. a4 a6 11. Re1 Qc7 12. a5 b5 13. axb6 Nxb6 14. Bd2 Nd7 15. Ra2 Nb4 16. Ra1 Nc6 17. Ra2 Nb4 18. Ra1 Nc6 19. Ra2 1/2-1/2

[Event "Stare Mesto op"]
[Site "Stare Mesto"]
[Date "2023.08.06"]
[Round "2"]
[White "Hanak, Tomas"]
[Black "Kraus, Tomas"]
[Result "0-1"]
[WhiteElo "2036"]
[BlackElo "2480"]
[PlyCount "60"]
[EventDate "2023.08.05"]
[EventType "swiss"]
[EventRounds "9"]
[EventCountry "CZE"]
[SourceTitle "EXT 2024"]
[Source "ChessBase"]
[SourceDate "2023.10.10"]
[SourceVersion "1"]
[SourceVersionDate "2023.10.10"]
[SourceQuality "1"]

1. e4 c5 2. Nc3 a6 3. g3 b5 4. Bg2 Bb7 5. Nh3 e6 6. 0-0 Be7 7. d3 Nc6 8. f4 b4 9. Ne2 d5 10. f5 Nf6 11. fxe6 fxe6 12. Nef4 Qd6 13. exd5 exd5 14. Nxd5 Nxd5 15. Qh5+ g6 16. Qxd5 0-0-0 17. Qe4 Bf6 18. Bg5 Bd4+ 19. Kh1 Rd7 20. Rab1 Ne7 21. Qe2 Nd5 22. c3 bxc3 23. bxc3 Nxc3 24. Bxb7+ Rxb7 25. Qg4+ Rd7 26. Rb2 Qd5+ 27. Qf3 Rf8 28. Qxd5 Rxf1+ 29. Kg2 Nxd5 30. Kxf1 Bxb2 0-1

[Event "Bohumin op-A 6th"]
[Site "Bohumin"]
[Date "2023.07.06"]
[Round "6"]
[White "Fargac, Martin"]
[Black "Hanak, Tomas"]
[Result "1-0"]
[WhiteElo "2354"]
[BlackElo "2043"]
[PlyCount "64"]
[EventDate "2023.07.01"]
[EventType "swiss"]
[EventRounds "9"]
[EventCountry "CZE"]
[SourceTitle "CBM 215 Extra"]
[Source "ChessBase"]
[SourceDate "2023.09.30"]
[SourceVersion "1"]
[SourceVersionDate "2023.09.30"]
[SourceQuality "1"]

1. d4 e6 2. c4 f5 3. Nf3 Nf6 4. a3 b6 5. Bg5 h6 6. Bxf6 Qxf6 7. Nc3 Bb7 8. e3 g5 9. Qc2 Bg7 10. 0-0-0 0-0 11. h4 g4 12. Ne5 d6 13. Nd3 Nd7 14. h5 e5 15. d5 Qf7 16. Nb4 Nc5 17. Kb1 Rae8 18. Be2 Kh8 19. Rdf1 Bc8 20. Nd3 Bd7 21. Ka2 a6 22. f3 gxf3 23. gxf3 Nxd3 24. Bxd3 Rg8 25. Rfg1 Kh7 26. Rg6 Bh8 27. Rhg1 Rg7 28. Rxg7+ Bxg7 29. Rg6 Rg8 30. Ne2 Bf8 31. Ng3 Rxg6 32. Nxf5 Bxf5 1-0

[Event "Moravia-Silesia Region-chT 2223"]
[Site "Czech Republic"]
[Date "2023.03.19"]
[Round "10"]
[White "Hanak, Tomas"]
[Black "Zimniok, Lubomir"]
[Result "1/2-1/2"]
[WhiteElo "2018"]
[BlackElo "2072"]
[PlyCount "91"]
[EventDate "2022.10.09"]
[EventType "team-tourn"]
[EventRounds "11"]
[EventCountry "CZE"]
[SourceTitle "EXT 2024"]
[Source "ChessBase"]
[SourceDate "2023.10.10"]
[SourceVersion "1"]
[SourceVersionDate "2023.10.10"]
[SourceQuality "1"]
[WhiteTeam "Poruba Slavoj IV"]
[BlackTeam "Karvina"]
[WhiteTeamCountry "CZE"]
[BlackTeamCountry "CZE"]

1. e4 d5 2. exd5 Nf6 3. Bb5+ Bd7 4. Be2 Nxd5 5. d4 Bf5 6. Nf3 e6 7. c4 Nf6 8. Nc3 c6 9. 0-0 Bd6 10. Bg5 Nbd7 11. Qd2 h6 12. Bf4 Bxf4 13. Qxf4 Qb8 14. Qe3 0-0 15. h3 Re8 16. Ne5 Nxe5 17. dxe5 Nd7 18. f4 g5 19. Rad1 gxf4 20. Qxf4 Nxe5 21. Qxh6 Ng6 22. Bd3 Qe5 23. Bxf5 exf5 24. Qg5 Qc5+ 25. Kh1 Qxc4 26. Rxf5 Qh4 27. Qxh4 Nxh4 28. Rg5+ Kf8 29. Rd7 Re7 30. Rg8+ Kxg8 31. Rxe7 Rb8 32. Ne4 Ng6 33. Rc7 Ne5 34. Nf6+ Kg7 35. Nd7 Nxd7 36. Rxd7 a5 37. g4 b5 38. Kg2 c5 39. Kf3 Rc8 40. Ke4 c4 41. Rd2 b4 42. Rc2 Rh8 43. Rxc4 Rxh3 44. Rc5 Rh2 45. Rxa5 Rxb2 46. Kf5 1/2-1/2

[Event "Bohumin op 5th"]
[Site "Bohumin"]
[Date "2022.07.10"]
[Round "9"]
[White "Hanak, Tomas"]
[Black "Didi, Jan"]
[Result "1-0"]
[WhiteElo "1906"]
[BlackElo "2047"]
[PlyCount "123"]
[EventDate "2022.07.02"]
[EventType "swiss"]
[EventRounds "9"]
[EventCountry "CZE"]
[SourceTitle "CBM 209 Extra"]
[Source "ChessBase"]
[SourceDate "2022.09.30"]
[SourceVersion "1"]
[SourceVersionDate "2022.09.30"]
[SourceQuality "1"]

1. d4 d5 2. c4 e6 3. Nc3 Be7 4. cxd5 exd5 5. Bf4 c6 6. e3 Bf5 7. g4 Bg6 8. h4 h6 9. h5 Bh7 10. Bd3 Bxd3 11. Qxd3 Nf6 12. f3 Bd6 13. Nge2 Bxf4 14. Nxf4 Qd6 15. 0-0-0 Nbd7 16. Qf5 Ng8 17. Rhe1 Ne7 18. Qc2 0-0-0 19. Nd3 Kb8 20. Kb1 Rc8 21. Qf2 Rhe8 22. e4 f6 23. e5 Qc7 24. f4 a6 25. e6 Nb6 26. f5 Nc4 27. Nc5 Ka7 28. Nd7 Nb6 29. Nc5 Nc4 30. Ka1 Red8 31. Rc1 Nb6 32. b3 Qd6 33. Rc2 Na8 34. Rec1 Nc7 35. Kb2 Nb5 36. a4 Nxc3 37. Rxc3 b6 38. Nd3 Rc7 39. Qf4 a5 40. Qxd6 Rxd6 41. Nf4 Kb7 42. Ng6 Nxg6 43. hxg6 Re7 44. Ka3 Re8 45. R3c2 Re7 46. b4 axb4+ 47. Kxb4 Re8 48. a5 bxa5+ 49. Kc5 Rdd8 50. Rb2+ Kc7 51. Rb6 Rb8 52. Rxc6+ Kb7 53. Kb5 Ka7+ 54. Kxa5 Re7 55. Rc7+ Rb7 56. Rxe7 Rxe7 57. Rc6 Kb7 58. Kb5 Re8 59. Kc5 Ra8 60. Kxd5 Rd8+ 61. Rd6 Rc8 62. Rd7+ 1-0

[Event "Bohumin op 5th"]
[Site "Bohumin"]
[Date "2022.07.06"]
[Round "5"]
[White "Hanak, Tomas"]
[Black "Boff, Ondrej"]
[Result "1-0"]
[WhiteElo "1906"]
[BlackElo "1363"]
[PlyCount "41"]
[EventDate "2022.07.02"]
[EventType "swiss"]
[EventRounds "9"]
[EventCountry "CZE"]
[SourceTitle "CBM 209 Extra"]
[Source "ChessBase"]
[SourceDate "2022.09.30"]
[SourceVersion "1"]
[SourceVersionDate "2022.09.30"]
[SourceQuality "1"]

1. e4 d5 2. exd5 Qxd5 3. Nc3 Qa5 4. g3 Nf6 5. Bg2 c6 6. Nf3 Bf5 7. 0-0 Nbd7 8. d4 e6 9. Bd2 Qc7 10. Re1 0-0-0 11. Bf4 Bd6 12. Bxd6 Qxd6 13. Qe2 Nb6 14. Ne5 Bg6 15. Rad1 Nbd7 16. Nxc6 Rde8 17. Nb5 Qf8 18. Ncxa7+ Kd8 19. Qc4 Bf5 20. Bxb7 Be4 21. Rxe4 1-0

[Event "Bohumin op 5th"]
[Site "Bohumin"]
[Date "2022.07.05"]
[Round "4"]
[White "Fargac, Martin"]
[Black "Hanak, Tomas"]
[Result "1-0"]
[WhiteElo "2302"]
[BlackElo "1906"]
[PlyCount "65"]
[EventDate "2022.07.02"]
[EventType "swiss"]
[EventRounds "9"]
[EventCountry "CZE"]
[SourceTitle "CBM 209 Extra"]
[Source "ChessBase"]
[SourceDate "2022.09.30"]
[SourceVersion "1"]
[SourceVersionDate "2022.09.30"]
[SourceQuality "1"]

1. d4 d5 2. c4 c6 3. Nf3 Nf6 4. Nc3 e6 5. Bg5 Nbd7 6. e3 Be7 7. Bd3 dxc4 8. Bxc4 b5 9. Bd3 a6 10. 0-0 0-0 11. Bxf6 Nxf6 12. Ne4 Bb7 13. a3 Qb6 14. Rc1 Nxe4 15. Bxe4 f5 16. Bb1 c5 17. dxc5 Bxc5 18. Ba2 Rfd8 19. Qc2 Bd5 20. Bxd5 Rxd5 21. e4 fxe4 22. Qxe4 Rf8 23. Rc2 Qd6 24. Re1 Rf4 25. Qxe6+ Qxe6 26. Rxe6 Rd1+ 27. Re1 Rxe1+ 28. Nxe1 Bb6 29. Kf1 Kf7 30. Nd3 Re4 31. g3 Ke7 32. Nb4 Re6 33. Nxa6 1-0

[Event "Pardubice Czech op-E 31st"]
[Site "Pardubice"]
[Date "2020.09.17"]
[Round "1.2"]
[White "Borkovec, Milan"]
[Black "Hanak, Tomas"]
[Result "1/2-1/2"]
[WhiteElo "2215"]
[BlackElo "1939"]
[PlyCount "90"]
[EventDate "2020.09.17"]
[EventType "team-swiss"]
[EventRounds "7"]
[EventCountry "CZE"]
[SourceTitle "CBM 198 Extra"]
[Source "ChessBase"]
[SourceDate "2020.11.30"]
[SourceVersion "1"]
[SourceVersionDate "2020.11.30"]
[SourceQuality "1"]
[WhiteTeam "Ceske Budejovice"]
[BlackTeam "Rychvald Spolek Sachovy"]
[WhiteTeamCountry "CZE"]
[BlackTeamCountry "CZE"]

1. e4 c6 2. d4 d5 3. Nc3 dxe4 4. Nxe4 Nd7 5. Bd3 Ngf6 6. Nf3 Nxe4 7. Bxe4 Nf6 8. Bd3 Bg4 9. c3 e6 10. h3 Bh5 11. Qe2 Qc7 12. Bd2 Bd6 13. 0-0-0 0-0-0 14. Kb1 c5 15. g4 Bg6 16. Bxg6 hxg6 17. Bg5 cxd4 18. Rxd4 Qa5 19. Rhd1 Bc7 20. Rxd8+ Rxd8 21. Rxd8+ Kxd8 22. Qd3+ Ke7 23. h4 a6 24. Qe4 Qb5 25. Kc2 Kd7 26. Bxf6 gxf6 27. Nd4 Qa4+ 28. Kd2 Kc8 29. Qf3 f5 30. gxf5 exf5 31. Qd5 Qd7 32. Qc5 Qd6 33. Qxd6 Bxd6 34. Ke3 Kd7 35. Kf3 Be5 36. Ke3 Kd6 37. f4 Bg7 38. Nf3 f6 39. Nd4 Kd5 40. b3 b5 41. Kd3 Bh6 42. Ke3 Bf8 43. Kd3 Bh6 44. Ke3 Bf8 45. Kd3 Bh6 1/2-1/2

[Event "Valasska Bystrice op 11th"]
[Site "Valasska Bystrice"]
[Date "2019.09.14"]
[Round "9"]
[White "Hanak, Tomas"]
[Black "Musil, Vitezslav"]
[Result "1-0"]
[WhiteElo "1962"]
[BlackElo "1949"]
[PlyCount "79"]
[EventDate "2019.09.07"]
[EventType "swiss"]
[EventRounds "9"]
[EventCountry "CZE"]
[SourceTitle "EXT 2020"]
[Source "ChessBase"]
[SourceDate "2019.10.17"]
[SourceVersion "1"]
[SourceVersionDate "2019.10.17"]
[SourceQuality "1"]

1. d4 Nf6 2. Nf3 g6 3. c4 Bg7 4. e3 c5 5. d5 d6 6. Nc3 0-0 7. Be2 e6 8. 0-0 exd5 9. cxd5 a6 10. a4 b6 11. h3 Re8 12. Nd2 Ra7 13. e4 Rae7 14. Bf3 b5 15. axb5 axb5 16. Nxb5 Ba6 17. Rxa6 Nxa6 18. Nc4 Rd7 19. Re1 Nb4 20. Bf4 Bf8 21. g4 Qb8 22. Nc3 h6 23. Qd2 Kh7 24. h4 Ng8 25. Kg2 f5 26. e5 fxg4 27. Bxg4 Rdd8 28. h5 gxh5 29. Bxh5 Re7 30. exd6 Rxe1 31. Qxe1 Bg7 32. Qe4+ Kh8 33. Ne5 Nf6 34. Ng6+ Kh7 35. Nf8+ Kg8 36. Qe6+ Kh8 37. Ng6+ Kh7 38. Ne7 Nd3 39. Bg6+ Kh8 40. Bxd3 1-0

[Event "Valasska Bystrice op 11th"]
[Site "Valasska Bystrice"]
[Date "2019.09.12"]
[Round "7"]
[White "Hanak, Tomas"]
[Black "Mikes, Jan"]
[Result "0-1"]
[WhiteElo "1962"]
[BlackElo "2362"]
[PlyCount "124"]
[EventDate "2019.09.07"]
[EventType "swiss"]
[EventRounds "9"]
[EventCountry "CZE"]
[SourceTitle "EXT 2020"]
[Source "ChessBase"]
[SourceDate "2019.10.17"]
[SourceVersion "1"]
[SourceVersionDate "2019.10.17"]
[SourceQuality "1"]

1. d4 Nf6 2. Nf3 g6 3. c4 Bg7 4. e3 0-0 5. Be2 d6 6. Nc3 Nbd7 7. 0-0 e5 8. Qc2 Re8 9. Rd1 e4 10. Nd2 Qe7 11. b4 c6 12. a4 a5 13. b5 h5 14. Ba3 c5 15. Nb3 b6 16. Bb2 Bb7 17. Rd2 cxd4 18. Nxd4 Rac8 19. Qd1 Nc5 20. Nc6 Bxc6 21. bxc6 Rxc6 22. Nb5 Rd8 23. h3 Ne6 24. Qb3 Nd7 25. Bxg7 Kxg7 26. Na7 Rc7 27. Nb5 Qf6 28. Rad1 Ndc5 29. Qc2 Rcd7 30. Nxd6 Nf8 31. Nb5 Rxd2 32. Rxd2 Rxd2 33. Qxd2 Nxa4 34. Bd1 Nc5 35. Bc2 Qa1+ 36. Kh2 Qe5+ 37. Kg1 Nfe6 38. Qc3 Kf6 39. Kf1 a4 40. Ke2 Nd8 41. Qxe5+ Kxe5 42. Kd2 Nc6 43. Kc3 Na5 44. Kb4 Nd3+ 45. Bxd3 exd3 46. Kc3 d2 47. Kxd2 Nxc4+ 48. Kc3 Nd6 49. Nd4 Ne4+ 50. Kb4 Nxf2 51. Kxa4 Nd1 52. Nf3+ Kf6 53. Kb5 Nxe3 54. Ne1 Nd5 55. Kc6 Ke6 56. g4 hxg4 57. hxg4 Nf6 58. Kxb6 Nxg4 59. Kc5 Ke5 60. Nf3+ Kf4 61. Nd4 g5 62. Kd5 Ne3+ 0-1

[Event "Valasska Bystrice op 11th"]
[Site "Valasska Bystrice"]
[Date "2019.09.08"]
[Round "3"]
[White "Hanak, Tomas"]
[Black "Otruba, Marek"]
[Result "0-1"]
[WhiteElo "1962"]
[BlackElo "2133"]
[PlyCount "100"]
[EventDate "2019.09.07"]
[EventType "swiss"]
[EventRounds "9"]
[EventCountry "CZE"]
[SourceTitle "EXT 2020"]
[Source "ChessBase"]
[SourceDate "2019.10.17"]
[SourceVersion "1"]
[SourceVersionDate "2019.10.17"]
[SourceQuality "1"]

1. d4 d5 2. Nf3 Nf6 3. c4 e6 4. e3 Be7 5. b3 Nbd7 6. Bd3 b6 7. 0-0 0-0 8. Nc3 dxc4 9. bxc4 c5 10. Bb2 Bb7 11. Qe2 Rc8 12. Rfd1 Qc7 13. Rac1 Rfd8 14. d5 exd5 15. cxd5 Nxd5 16. Nxd5 Bxd5 17. Bxh7+ Kxh7 18. Rxd5 Nf6 19. Ng5+ Kg8 20. Rxd8+ Rxd8 21. Qc4 Nd5 22. Nxf7 Kxf7 23. e4 Qb7 24. exd5 Qxd5 25. Qg4 Qg5 26. Qc4+ Kf8 27. g3 Bf6 28. h4 Qf5 29. Bxf6 Qxf6 30. Re1 Rd2 31. Re2 Qd4 32. Qb5 Rxe2 33. Qxe2 c4 34. Qf3+ Ke7 35. Qb7+ Kd6 36. Qxa7 c3 37. Qa3+ Kc6 38. Qb3 Qd3 39. Qe6+ Kc5 40. Qe5+ Kb4 41. Qxg7 c2 42. Qb2+ Kc4 43. Kh2 Qd2 44. Qb3+ Kc5 45. Qa3+ Kc6 46. Qf3+ Kd6 47. Qf6+ Kc5 48. Qe5+ Kc4 49. Qe6+ Kd3 50. Qd5+ Ke2 0-1

[Event "Valasska Bystrice op 11th"]
[Site "Valasska Bystrice"]
[Date "2019.09.07"]
[Round "1"]
[White "Hanak, Tomas"]
[Black "Romanek, Zdenek"]
[Result "1-0"]
[WhiteElo "1962"]
[BlackElo "1580"]
[PlyCount "77"]
[EventDate "2019.09.07"]
[EventType "swiss"]
[EventRounds "9"]
[EventCountry "CZE"]
[SourceTitle "EXT 2020"]
[Source "ChessBase"]
[SourceDate "2019.10.17"]
[SourceVersion "1"]
[SourceVersionDate "2019.10.17"]
[SourceQuality "1"]

1. e4 e6 2. d4 d5 3. exd5 exd5 4. Nf3 Nf6 5. Bd3 Bd6 6. Qe2+ Qe7 7. Qxe7+ Bxe7 8. Bf4 c6 9. 0-0 0-0 10. Re1 Re8 11. Nbd2 Nbd7 12. Re2 Nf8 13. Rae1 Ne6 14. Be5 Bd7 15. h3 c5 16. c3 c4 17. Bc2 b5 18. a3 a5 19. Nf1 Nh5 20. g4 Nf6 21. Ng3 Bc6 22. Nf5 Bf8 23. Nh6+ gxh6 24. Bxf6 Nf4 25. Rxe8 Rxe8 26. Rxe8 Bxe8 27. Kh2 b4 28. axb4 axb4 29. Be5 Nd3 30. Bxd3 cxd3 31. Kg2 bxc3 32. bxc3 Ba3 33. Bf4 Bb2 34. Bd2 f6 35. Ne1 Bb5 36. Kf3 Kg7 37. Ke3 Kg6 38. Nxd3 Ba3 39. Nf4+ 1-0

[Event "Stare Mesto op"]
[Site "Stare Mesto"]
[Date "2019.08.24"]
[Round "8"]
[White "Hanak, Tomas"]
[Black "Volodin, Viktor Nikolaevich"]
[Result "1/2-1/2"]
[WhiteElo "1970"]
[BlackElo "2168"]
[PlyCount "117"]
[EventDate "2019.08.17"]
[EventType "swiss"]
[EventRounds "9"]
[EventCountry "CZE"]
[SourceTitle "EXT 2020"]
[Source "ChessBase"]
[SourceDate "2019.10.17"]
[SourceVersion "1"]
[SourceVersionDate "2019.10.17"]
[SourceQuality "1"]

1. d4 d5 2. c4 e6 3. Nf3 Nf6 4. e3 Nbd7 5. b3 c6 6. Bd3 Bb4+ 7. Nbd2 0-0 8. 0-0 Bc3 9. Rb1 e5 10. dxe5 Nxe5 11. Nxe5 Bxe5 12. Bb2 Qc7 13. Bxe5 Qxe5 14. Nf3 Qh5 15. Qc2 Re8 16. Rbd1 Bg4 17. Be2 Rad8 18. cxd5 Nxd5 19. Nd4 h6 20. Bxg4 Qxg4 21. h3 Qg5 22. Nf3 Qe7 23. Qb2 Qf6 24. Qxf6 Nxf6 25. g4 Ne4 26. Kg2 c5 27. Rxd8 Rxd8 28. Rc1 b6 29. Rc4 Re8 30. Rc2 Rd8 31. Rc4 Nf6 32. Rc2 Kf8 33. Rd2 Rd5 34. e4 Rd7 35. Rxd7 Nxd7 36. Nd2 g5 37. f4 Ke7 38. Kf3 b5 39. a4 a6 40. axb5 axb5 41. e5 Ke6 42. Ke4 gxf4 43. Nf3 f6 44. exf6 Nxf6+ 45. Kxf4 Nd5+ 46. Ke4 Nc3+ 47. Kd3 Na2 48. Ke4 Nc1 49. Nd2 Ne2 50. h4 Nc1 51. g5 h5 52. g6 Kf6 53. Kd5 Nd3 54. Ne4+ Kxg6 55. Nxc5 Ne1 56. Ne4 Kf5 57. Ng3+ Kg4 58. Nxh5 Kxh5 59. Kc5 1/2-1/2

[Event "Stare Mesto op"]
[Site "Stare Mesto"]
[Date "2019.08.22"]
[Round "6"]
[White "Kures, Michael"]
[Black "Hanak, Tomas"]
[Result "0-1"]
[WhiteElo "1898"]
[BlackElo "1970"]
[PlyCount "84"]
[EventDate "2019.08.17"]
[EventType "swiss"]
[EventRounds "9"]
[EventCountry "CZE"]
[SourceTitle "EXT 2020"]
[Source "ChessBase"]
[SourceDate "2019.10.17"]
[SourceVersion "1"]
[SourceVersionDate "2019.10.17"]
[SourceQuality "1"]

1. e4 c6 2. d4 d5 3. e5 Bf5 4. Nf3 e6 5. Bd3 Bxd3 6. Qxd3 Qb6 7. 0-0 Ne7 8. c3 Nf5 9. b3 c5 10. Rd1 Nc6 11. Na3 cxd4 12. cxd4 Be7 13. Nc2 Rc8 14. Bd2 0-0 15. a3 Kh8 16. g4 Nh4 17. Nxh4 Bxh4 18. f4 Be7 19. Re1 f6 20. Re3 fxe5 21. fxe5 Rf4 22. Rh3 Rxg4+ 23. Kh1 Rh4 24. Rxh4 Bxh4 25. Rf1 Be7 26. Rf3 Kg8 27. Rh3 g6 28. Rh6 Kg7 29. Qh3 Rh8 30. Qxe6 Qxb3 31. Rh3 Qb1+ 32. Ne1 Qe4+ 33. Kg1 Rf8 34. Bh6+ Kh8 35. Bxf8 Qxe1+ 36. Kg2 Qe2+ 37. Kg1 Qe1+ 38. Kg2 Qe2+ 39. Kg1 Qd1+ 40. Kg2 Qd2+ 41. Kg3 Bxf8 42. Qxg6 Qe3+ 0-1

[Event "Stare Mesto op"]
[Site "Stare Mesto"]
[Date "2019.08.20"]
[Round "4"]
[White "Hanak, Tomas"]
[Black "Machacek, Lukas"]
[Result "1-0"]
[WhiteElo "1970"]
[BlackElo "1666"]
[PlyCount "89"]
[EventDate "2019.08.17"]
[EventType "swiss"]
[EventRounds "9"]
[EventCountry "CZE"]
[SourceTitle "EXT 2020"]
[Source "ChessBase"]
[SourceDate "2019.10.17"]
[SourceVersion "1"]
[SourceVersionDate "2019.10.17"]
[SourceQuality "1"]

1. d4 e6 2. c4 d5 3. Nf3 Nf6 4. e3 Be7 5. b3 0-0 6. Bd3 c5 7. 0-0 Nc6 8. dxc5 Bxc5 9. Bb2 Qe7 10. Nbd2 Rd8 11. Qe2 e5 12. cxd5 Nxd5 13. Rfd1 Bg4 14. Ne4 Bb6 15. h3 Bf5 16. a3 a5 17. Rd2 Nf6 18. Nxf6+ Qxf6 19. Rad1 Bxd3 20. Rxd3 Qe6 21. Qc2 Rxd3 22. Rxd3 e4 23. Qc3 Qh6 24. Rd6 Bd4 25. Nxd4 Qxd6 26. Nxc6 Qf6 27. Qxf6 gxf6 28. Nd4 Kg7 29. Kf1 Kg6 30. Ke1 Rc8 31. Kd2 Kg5 32. Bc3 Rc5 33. a4 f5 34. g3 h5 35. Nb5 b6 36. Bd4 Rc6 37. Na3 h4 38. gxh4+ Kxh4 39. Nc4 Kxh3 40. Bxb6 Rf6 41. Bxa5 f4 42. Bb6 Kg2 43. exf4 Rxf4 44. a5 Rf3 45. a6 1-0

[Event "Stare Mesto op"]
[Site "Stare Mesto"]
[Date "2019.08.18"]
[Round "2"]
[White "Hanak, Tomas"]
[Black "Zavodsky, Jiri"]
[Result "1/2-1/2"]
[WhiteElo "1970"]
[BlackElo "1809"]
[PlyCount "70"]
[EventDate "2019.08.17"]
[EventType "swiss"]
[EventRounds "9"]
[EventCountry "CZE"]
[SourceTitle "EXT 2020"]
[Source "ChessBase"]
[SourceDate "2019.10.17"]
[SourceVersion "1"]
[SourceVersionDate "2019.10.17"]
[SourceQuality "1"]

1. d4 d5 2. Nf3 Nf6 3. c4 e6 4. e3 Be7 5. b3 Bb4+ 6. Bd2 Bxd2+ 7. Nbxd2 0-0 8. Bd3 Nbd7 9. 0-0 b6 10. Rc1 Bb7 11. Qe2 c5 12. Rfd1 Rc8 13. cxd5 exd5 14. Ba6 Qc7 15. dxc5 bxc5 16. Nb1 Qb6 17. Bxb7 Qxb7 18. Nc3 Nb6 19. h3 Rfd8 20. Qb5 a6 21. Qa5 h6 22. Rd2 Rc7 23. Na4 Nxa4 24. Qxa4 Ne4 25. Rdc2 Qb5 26. Qa3 Rdc8 27. Nd4 Qb6 28. Ne2 Nf6 29. Qa4 a5 30. Qf4 Qb4 31. Nd4 a4 32. Qd6 axb3 33. axb3 Kh7 34. Kh2 Ne8 35. Qf4 Nf6 1/2-1/2

[Event "Bohumin op 2nd"]
[Site "Bohumin"]
[Date "2019.06.28"]
[Round "7"]
[White "Oles, Martin"]
[Black "Hanak, Tomas"]
[Result "1/2-1/2"]
[WhiteElo "1682"]
[BlackElo "1962"]
[PlyCount "56"]
[EventDate "2019.06.22"]
[EventType "swiss"]
[EventRounds "9"]
[EventCountry "CZE"]
[SourceTitle "CBM 191 Extra"]
[Source "ChessBase"]
[SourceDate "2019.09.30"]
[SourceVersion "1"]
[SourceVersionDate "2019.09.30"]
[SourceQuality "1"]

1. e4 c6 2. d4 d5 3. Nc3 dxe4 4. Nxe4 Nd7 5. Nf3 Ngf6 6. Nxf6+ Nxf6 7. Bd3 Bg4 8. c3 e6 9. Bg5 Be7 10. Qc2 Bxf3 11. gxf3 Qd5 12. Rg1 Qxf3 13. Be2 Qf5 14. Qxf5 exf5 15. Bd3 g6 16. 0-0-0 Nd5 17. Rge1 Kd7 18. Bd2 Bd6 19. c4 Nf4 20. Bc2 Rad8 21. Kb1 Rhe8 22. d5 Rxe1 23. Rxe1 c5 24. Ba4+ Kc7 25. Bxf4 Bxf4 26. Re7+ Kc8 27. Rxf7 Bxh2 28. Rxh7 Bg1 1/2-1/2